000 00370 a2200169 4500
001 59058
020 _a8571393702
040 _cAnchieta - Pituba
100 _aTavares, Luís Henrique Dias
240 1 0 _aHistória da Bahia
_lpor
245 1 0 _aHistória da Bahia
300 _a542
362 0 _a2001
440 1 _aEditora do Brasil
650 4 _aBahia
942 _cBK
999 _c59058
_d59058